000 00299nam a22001337a 4500
020 _a 978-93-87911-35-2
082 _a894.812.3
_bSAS/K
100 _aSHAKESPEARE,WILLIAM
245 _aKING LEAR
260 _aTHRISSUR
_bH&C BOOKS
_c2019
300 _a48
650 _aMORAL STORY
_zKERALA
942 _cBK
999 _c7088
_d7088